Chinese economic statistics : (Record no. 2232)
[ view plain ]
| 000 -LEADER | |
|---|---|
| fixed length control field | 00999cam a2200265 a 4500 |
| 001 - CONTROL NUMBER | |
| control field | 2232 |
| 003 - CONTROL NUMBER IDENTIFIER | |
| rucl marc code | BD-RjUL |
| 005 - DATE AND TIME OF LATEST TRANSACTION | |
| control field | 20211208233516.0 |
| 008 - FIXED-LENGTH DATA ELEMENTS--GENERAL INFORMATION | |
| fixed length control field | 131210t19671966ilu bs 001 0 eng d |
| 035 ## - SYSTEM CONTROL NUMBER | |
| System control number | (BD-RjUL)2259 |
| -- | OCLC ocm00165720 from D950506M |
| 040 ## - CATALOGING SOURCE | |
| Original cataloging agency | DLC |
| Transcribing agency | DLC |
| Modifying agency | EQO |
| -- | BD-RjUL |
| Language of cataloging | eng |
| 041 ## - LANGUAGE CODE | |
| Language code of text/sound track or separate title | eng |
| 082 ## - DEWEY DECIMAL CLASSIFICATION NUMBER | |
| Classification number | 315.1 |
| Author mark and year | CHC 1967 |
| 100 1# - MAIN ENTRY--PERSONAL NAME | |
| Personal name | Chen, Nai-ruenn, |
| Dates associated with a name | 1926- |
| 9 (RLIN) | 7273 |
| 245 10 - TITLE STATEMENT | |
| Title | Chinese economic statistics : |
| Remainder of title | a handbook for mainland China / |
| Statement of responsibility, etc. | by Nai-Ruenn Chen. |
| 260 ## - PUBLICATION, DISTRIBUTION, ETC. (IMPRINT) | |
| Place of publication, distribution, etc. | Chicago : |
| Name of publisher, distributor, etc. | Aldine Publishing Company, |
| Date of publication, distribution, etc. | c1966. |
| 300 ## - PHYSICAL DESCRIPTION | |
| Pagination | xxxi, 539 p. ; |
| Size | 26 cm. |
| 500 ## - GENERAL NOTE | |
| General note | "A monograph of the Committee on the Economy of China of the Social Science Research Council."--Dust jacket. |
| 504 ## - BIBLIOGRAPHY, ETC. NOTE | |
| Bibliography, etc | Includes bibliographical references (p. 499-516) and indexes. |
| 651 #0 - SUBJECT ADDED ENTRY--GEOGRAPHIC NAME | |
| Geographic name | China |
| General subdivision | Statistics. |
| 9 (RLIN) | 7274 |
| 710 2# - ADDED ENTRY--CORPORATE NAME | |
| Corporate name or jurisdiction name as entry element | Social Science Research Council (U.S.). |
| Subordinate unit | Committee on the Economy of China. |
| 9 (RLIN) | 7275 |
| 942 ## - ADDED ENTRY ELEMENTS (KOHA) | |
| Source of classification or shelving scheme | Dewey Decimal Classification |
| Koha item type | Books |
| Lost status | Source of classification or shelving scheme | Damaged status | Not for loan | Collection code | Permanent Location | Current Location | Shelving location | Date acquired | Source of acquisition | Cost, normal purchase price | Total Checkouts | Full call number | Date last seen | Copy number | Koha item type |
|---|---|---|---|---|---|---|---|---|---|---|---|---|---|---|---|
| Dewey Decimal Classification | Non-fiction | Central Library, University of Rajshahi | Central Library, University of Rajshahi | 07/01/1970 | Zeit | 80.00 | 315.1 CHC 1967 | 10/12/2013 | C-2 | Books | |||||
| Dewey Decimal Classification | Non-fiction | Central Library, University of Rajshahi | Central Library, University of Rajshahi | 25/11/1968 | Zeitlinger | 80.00 | 315.1 CHC 1967 | 20/06/2016 | C-3 | Books | |||||
| Dewey Decimal Classification | Non-fiction | Central Library, University of Rajshahi | Central Library, University of Rajshahi | 07/01/1970 | Zeit | 80.00 | 315.1 CHC 1967 | 20/06/2016 | C-4 | Books |